000 00250nam a2200109Ia 4500
008 200302s9999 xx 000 0 und d
100 _aCharles Jencks
245 _aThe New Moderns
260 _bAcademy Group. Ltd.
260 _c2000
300 _a297 P.,
999 _c1776
_d1776